000 00769nam a2200205 a 4500
001 000046098
003 DO-SdBNP
005 20240702114200.0
008 150619s1973 dr ab 000 0 spa d
040 _aDO-SdBNP
_bspa
_cBNPHU
082 _axxxxxxx
_bxxxxxxx
100 1 _aLacay Polanco, Ramón,
_d1918-1986
_923155
245 1 0 _aBosquejo biográfico del Doctor Joaquín Balaguer /
_cRamón Lacay Polanco ; director técnico R. A. Font Bernard ; director artístico Aliro Paulino ; fotográfo Natalio Puras.
260 _aSanto Domingo :
_bAlpa,
_c1973.
300 _a200 p. :
_bil., maps. ;
_c28 cm.
700 1 _aFont Bernard, R. A.,
_edir. tec.
_917078
700 1 _aPaulino, Aliro,
_edir. art.
_935311
700 1 _aPuras, Natalio,
_efot.
_974165
942 _2ddc
_cLBS1
999 _c45587
_d45587